00822nam a2200169 i 4500001000700000003000900007005001700016008004100033100003900074245008200113260005400195300002100249651003100270852020400301999001900505952012800524189342ES-MaACL20251115063324.0190524s1879 sp |||| | spa d1 aOriol, Román, d1847-189898726313aEl puerto del Musel es el verdadero puerto de Asturias / cpor Román Oriol. aOviedo : b[s.n.], c1879 (fImp. Eduardo Uría) a45 p. ; c21 cm. 4aPuerto de Gijón.9167117 aES-MaACLjB-8926(17) z.- Legado de Federico de Botella y de Hornosz.- Encuadernado en un vol. facticio agrupado con el nombre en el lomo: España, geología, memorias y documentos varios 20 al 40 c189342d189342 001040708LIBXIXaATENEOMbATENEOMcSPBd2019-05-24eDONl0oB-8926(17)p1200609r2023-02-23 00:00:00w2023-02-23yMONANT